| 000 | 00730nam a22002417a 4500 | ||
|---|---|---|---|
| 003 | OSt | ||
| 005 | 20221005142906.0 | ||
| 008 | 180323b xxu||||| |||| 00| 0 eng d | ||
| 040 | _aLB-BrCRDP | ||
| 082 | _a371.33 M618p | ||
| 100 | _aMialaret, Gaston | ||
| 245 | _aThe Psychology of the use of audio-visual aids in primary education | ||
| 260 |
_aParis _bUnesco _c1966 |
||
| 300 |
_a225p _c22cm |
||
| 650 | _a Apprentissage perceptif | ||
| 650 | _aAudio-visual materials | ||
| 650 | _aAudiovisual Aids | ||
| 650 | _aDocuments audiovisuels -- Education | ||
| 650 | _aEducation, Elementary Audio-visual aids | ||
| 650 | _aEducation, Primary Audio-visual aids | ||
| 650 |
_aEducational psychology _9177 |
||
| 942 |
_2ddc _cBK |
||
| 999 |
_c18964 _d18964 |
||